[Event "Kandidatklassen"]
[Site "Svendborg"]
[Date "2016.03.27"]
[Round "6"]
[White "Jorgensen, Brian"]
[Black "Matthiesen, Martin"]
[Result "0-1"]
[WhiteElo "2288"]
[BlackElo "2396"]
[PlyCount "78"]
[EventDate "2016.03.22"]
[EventType "swiss"]
[EventRounds "7"]
[EventCountry "DEN"]

1. d4 d5 2. Nf3 Nf6 3. c4 c6 4. Nc3 a6 5. e3 Bf5 6. h3 e6 7. cxd5 exd5 8. g4
Be6 9. Bd3 c5 10. g5 Nfd7 11. e4 Nb6 12. Be3 c4 13. Bc2 Nc6 14. Ne5 Qc7 15.
Nxc6 Qxc6 16. e5 O-O-O 17. f4 g6 18. Ne2 h6 19. Ng3 hxg5 20. f5 gxf5 21. Bxg5
Bb4+ 22. Kf2 Rdg8 23. h4 Nd7 24. Nxf5 f6 25. exf6 Rf8 26. Kg2 Nxf6 27. a3 Qd7
28. axb4 Bxf5 29. Bxf5 Qxf5 30. Rf1 Qe6 31. Rxf6 Rxf6 32. Bxf6 Qxf6 33. Qg4+
Kc7 34. Qg3+ Kc6 35. Ra5 Rf8 36. Ra1 Rf7 37. Qe5 Rg7+ 38. Kh3 Qf3+ 39. Kh2 Qg2#
0-1

[Event "Kandidatklassen"]
[Site "Svendborg"]
[Date "2016.03.27"]
[Round "6"]
[White "Percivaldi, Martin"]
[Black "Thybo, Jesper Sondergaard"]
[Result "1-0"]
[WhiteElo "2270"]
[BlackElo "2316"]
[PlyCount "83"]
[EventDate "2016.03.22"]
[EventType "swiss"]
[EventRounds "7"]
[EventCountry "DEN"]

1. Nf3 Nf6 2. c4 c6 3. g3 d5 4. Bg2 g6 5. b3 Bg7 6. Bb2 Qb6 7. Qc2 Na6 8. O-O
O-O 9. d3 Nb4 10. Qc1 c5 11. a3 Nc6 12. cxd5 Nxd5 13. Bxg7 Kxg7 14. Qb2+ Kg8
15. Rc1 Rd8 16. Nc3 Nxc3 17. Qxc3 Nd4 18. Nxd4 cxd4 19. Qc7 Kf8 20. b4 Bg4 21.
Bxb7 Rab8 22. Bf3 Bxf3 23. exf3 Qa6 24. Qc4 Qf6 25. f4 Qf5 26. Qa6 Rbc8 27.
Rxc8 Rxc8 28. a4 Rc3 29. Qxa7 Qxd3 30. Qb8+ Kg7 31. Qe5+ Kg8 32. a5 Qc4 33. Qe1
Qa6 34. Qxe7 Qc8 35. Qd6 d3 36. a6 Rc1+ 37. Rxc1 Qxc1+ 38. Kg2 d2 39. a7 Qa1
40. Qxd2 Qxa7 41. Qd5 Qb8 42. b5 1-0

[Event "Kandidatklassen"]
[Site "Svendborg"]
[Date "2016.03.27"]
[Round "6"]
[White "Hansen, Mads"]
[Black "Jacobsen, Mikkel Manosri"]
[Result "1-0"]
[WhiteElo "2297"]
[BlackElo "2181"]
[PlyCount "93"]
[EventDate "2016.03.22"]
[EventType "swiss"]
[EventRounds "7"]
[EventCountry "DEN"]

1. c4 c5 2. g3 g6 3. Bg2 Bg7 4. Nc3 Nc6 5. Nf3 e6 6. d3 Nge7 7. O-O O-O 8. Bg5
h6 9. Bd2 b6 10. Qc1 Kh7 11. a3 d5 12. Rb1 dxc4 13. dxc4 Bb7 14. Rd1 Qb8 15. b4
cxb4 16. axb4 Rd8 17. e4 Nd4 18. Nxd4 Rxd4 19. Bf4 Rxd1+ 20. Qxd1 Qf8 21. Nb5
Rd8 22. Qa4 a6 23. Na3 Nc8 24. Nc2 Qe7 25. Be3 Qc7 26. b5 axb5 27. Qxb5 Rd7 28.
Qa4 Bc6 29. Qb3 Bb7 30. Na3 Qe5 31. Qa4 Rd3 32. c5 bxc5 33. Rxb7 Qa1+ 34. Bf1
Rd1 35. Qa6 Nd6 36. Rd7 Nxe4 37. Rxd1 Qxd1 38. Qd3 Qa1 39. Nc4 f5 40. Nd6 Nxd6
41. Qxd6 c4 42. Qxe6 c3 43. h4 c2 44. h5 c1=Q 45. hxg6+ Kh8 46. Qe8+ Bf8 47.
Qxf8# 1-0

[Event "Kandidatklassen"]
[Site "Svendborg"]
[Date "2016.03.27"]
[Round "6"]
[White "Dyrgaard, Kristoffer"]
[Black "Thuesen, Mogens Henrik"]
[Result "1/2-1/2"]
[WhiteElo "2308"]
[BlackElo "2207"]
[PlyCount "79"]
[EventDate "2016.03.22"]
[EventType "swiss"]
[EventRounds "7"]
[EventCountry "DEN"]

1. e4 c5 2. Nf3 e6 3. d3 Nc6 4. g3 Nf6 5. Bg2 d5 6. Nbd2 Be7 7. O-O O-O 8. h3
Rb8 9. a4 a6 10. exd5 exd5 11. d4 c4 12. Re1 Bb4 13. c3 Bd6 14. b4 cxb3 15.
Qxb3 Bf5 16. Ba3 Na5 17. Qb2 Ne4 18. Bxd6 Qxd6 19. Nxe4 Bxe4 20. Nd2 Bxg2 21.
Kxg2 Rfe8 22. Nf3 b6 23. Ne5 Re6 24. Re2 Rbe8 25. Rae1 f6 26. Nd3 Nc4 27. Qc2
Re4 28. Nb2 Nxb2 29. Qxb2 f5 30. f3 Rxe2+ 31. Rxe2 Re6 32. Rxe6 Qxe6 33. Kf2 f4
34. gxf4 Qxh3 35. Qxb6 Qh2+ 36. Kf1 Qh1+ 37. Ke2 Qg2+ 38. Ke3 Qg1+ 39. Ke2 Qg2+
40. Ke3 1/2-1/2

[Event "Kandidatklassen"]
[Site "Svendborg"]
[Date "2016.03.27"]
[Round "6"]
[White "Jaksland, Tim"]
[Black "Thogersen, Rasmus"]
[Result "1-0"]
[WhiteElo "2261"]
[BlackElo "2109"]
[PlyCount "59"]
[EventDate "2016.03.22"]
[EventType "swiss"]
[EventRounds "7"]
[EventCountry "DEN"]

1. Nf3 g6 2. d4 Nf6 3. g3 Bg7 4. Bg2 O-O 5. c4 d6 6. O-O Nbd7 7. Nc3 e5 8. e4
exd4 9. Nxd4 Nc5 10. h3 Re8 11. Re1 a5 12. Ndb5 Bd7 13. Bf4 Nh5 14. Be3 Bxb5
15. cxb5 Bxc3 16. bxc3 Nxe4 17. Qd5 c6 18. bxc6 Nhf6 19. Qb5 bxc6 20. Qxc6 Rc8
21. Qa6 Rxc3 22. Bd4 Rc2 23. Qb5 d5 24. Qb3 Rc4 25. Rad1 a4 26. Qb2 Qd6 27.
Bxf6 a3 28. Qb5 Rb8 29. Qxc4 Qxf6 30. Qd4 1-0

[Event "Kandidatklassen"]
[Site "Svendborg"]
[Date "2016.03.27"]
[Round "6"]
[White "Seegert, Kristian"]
[Black "Bekker Jensen, David"]
[Result "0-1"]
[WhiteElo "2266"]
[BlackElo "2230"]
[PlyCount "122"]
[EventDate "2016.03.22"]
[EventType "swiss"]
[EventRounds "7"]
[EventCountry "DEN"]

1. e4 c5 2. Nf3 d6 3. d4 cxd4 4. Nxd4 Nf6 5. Nc3 a6 6. Bg5 e6 7. f4 Be7 8. Qf3
Qc7 9. O-O-O Nbd7 10. g4 h6 11. Bh4 g5 12. fxg5 Ne5 13. Qe2 Nfxg4 14. h3 hxg5
15. Bg3 Nf6 16. Kb1 Bd7 17. Nf3 Nh5 18. Bh2 Nf4 19. Qe3 Nxf3 20. Bxf4 gxf4 21.
Qxf3 Bf6 22. Qxf4 Be5 23. Qd2 Qb6 24. Rc1 Bc6 25. Bg2 O-O-O 26. Qd3 Rhg8 27.
Bf3 Rg3 28. b3 f5 29. Rce1 Qc5 30. Nd1 Rxf3 31. Qxf3 Qd4 32. c3 Bxe4+ 33. Qxe4
Qxe4+ 34. Rxe4 fxe4 35. h4 Kd7 36. h5 Ke7 37. Kc2 d5 38. h6 Kf7 39. Ne3 Rc8 40.
c4 d4 41. Ng4 Bh8 42. Nf2 e3 43. Ne4 Rg8 44. Rh2 Be5 45. h7 Rd8 46. Rh3 d3+ 47.
Kd1 e2+ 48. Ke1 Kg6 49. c5 Rd4 50. Nd2 Bh8 51. Nf3 Rd5 52. Nh4+ Kf7 53. Nf3
Rxc5 54. Kd2 Rd5 55. Rh1 e5 56. Ng5+ Kg6 57. Rg1 e4 58. Nxe4+ Kxh7 59. Ng5+
Rxg5 60. Rxg5 Bc3+ 61. Kxc3 e1=Q+ 0-1

[Event "Kandidatklassen"]
[Site "Svendborg"]
[Date "2016.03.27"]
[Round "6"]
[White "Laursen, Niels Norskov"]
[Black "Jensen, Jacob Bjerre"]
[Result "1/2-1/2"]
[WhiteElo "2289"]
[BlackElo "2189"]
[PlyCount "142"]
[EventDate "2016.03.22"]
[EventType "swiss"]
[EventRounds "7"]
[EventCountry "DEN"]

1. e4 c5 2. Nf3 Nc6 3. Bb5 g6 4. Bxc6 dxc6 5. d3 Bg7 6. h3 Nf6 7. Nc3 Nd7 8.
Be3 e5 9. Qd2 Qe7 10. Bh6 f6 11. Bxg7 Qxg7 12. Qe3 Qe7 13. O-O-O Nf8 14. Ng1
Ne6 15. g3 Nd4 16. f4 O-O 17. g4 exf4 18. Qxf4 Be6 19. Kb1 Qf7 20. e5 Bd5 21.
Rh2 Qc7 22. Nxd5 cxd5 23. c3 fxe5 24. Qg3 Ne6 25. Nf3 e4 26. Qxc7 Nxc7 27. Ne5
Rad8 28. dxe4 Rfe8 29. Nf3 Rxe4 30. Ng5 Re5 31. h4 Rf8 32. Rdd2 h6 33. Nh3 Ne6
34. Nf2 Nf4 35. Nd3 Nxd3 36. Rxd3 Rf4 37. Rg2 Kf7 38. Kc2 h5 39. gxh5 Rxh5 40.
Rdg3 Rh6 41. h5 Rf6 42. hxg6+ Rhxg6 43. Rxg6 Rxg6 44. Rh2 b6 45. Rh7+ Rg7 46.
Rh6 Ke7 47. a4 Kd7 48. a5 Kc7 49. axb6+ axb6 50. Rf6 Rd7 51. Kd3 Rd6 52. Rf7+
Kc6 53. Rf8 Kb5 54. Rf5 Ka4 55. Kc2 Kb5 56. Kd3 Kc6 57. Rh5 Rg6 58. Kc2 Rg2+
59. Kb3 Rd2 60. Rh6+ Kb5 61. Rd6 c4+ 62. Ka2 Kc5 63. Rd8 Re2 64. Ka3 Re6 65.
Rc8+ Rc6 66. Rd8 b5 67. b4+ cxb3 68. Kxb3 Rc7 69. Rb8 Rc6 70. Rd8 Rc7 71. Rb8
Rc6 1/2-1/2

[Event "Kandidatklassen"]
[Site "Svendborg"]
[Date "2016.03.28"]
[Round "7"]
[White "Grubert, Christian"]
[Black "Moller, Morten Kock"]
[Result "0-1"]
[WhiteElo "2186"]
[BlackElo "2244"]
[PlyCount "124"]
[EventDate "2016.03.22"]
[EventType "swiss"]
[EventRounds "7"]
[EventCountry "DEN"]

1. e4 e6 2. d3 d5 3. Qe2 Nc6 4. Nf3 e5 5. g3 dxe4 6. dxe4 Nf6 7. Bg2 Bc5 8. O-O
O-O 9. c3 a5 10. Nbd2 b6 11. Nc4 Ba6 12. b3 Ne8 13. Nh4 b5 14. Ne3 b4 15. c4
Nd4 16. Qh5 Nf6 17. Qd1 Bb7 18. Nd5 c6 19. Ne3 a4 20. Rb1 Bc8 21. Nef5 axb3 22.
axb3 Bxf5 23. Nxf5 Ra2 24. Be3 Ne2+ 25. Kh1 Bxe3 26. Qxd8 Rxd8 27. Nxe3 Nc3 28.
Ra1 Rxa1 29. Rxa1 Nfxe4 30. Ra6 g6 31. Rxc6 Nxf2+ 32. Kg1 Rd2 33. Rb6 Nd3 34.
Rd6 Ne2+ 35. Kf1 Nd4 36. Be4 Nc5 37. Bd5 Rd3 38. Ng4 Rd1+ 39. Kg2 Rd2+ 40. Kh3
Nde6 41. Nf6+ Kg7 42. Ne8+ Kf8 43. Bc6 Rxd6 44. Nxd6 Nxb3 45. Ne4 Ke7 46. Bd5
Nbc5 47. Nd2 Nd4 48. Kg2 f5 49. Kf2 Kd6 50. h3 e4 51. Bg8 h6 52. Bh7 g5 53. g4
Ke5 54. gxf5 Nxf5 55. Bxf5 Kxf5 56. Ke3 Ke5 57. Nf1 b3 58. Nd2 b2 59. Nb1 h5
60. Nc3 g4 61. hxg4 hxg4 62. Nb1 g3 0-1

[Event "Kandidatklassen"]
[Site "Svendborg"]
[Date "2016.03.28"]
[Round "7"]
[White "Olsen, Filip Boe"]
[Black "Seegert, Kristian"]
[Result "1/2-1/2"]
[WhiteElo "2192"]
[BlackElo "2266"]
[PlyCount "69"]
[EventDate "2016.03.22"]
[EventType "swiss"]
[EventRounds "7"]
[EventCountry "DEN"]

1. d4 f5 2. Nf3 Nf6 3. g3 g6 4. Bg2 Bg7 5. O-O O-O 6. b3 d6 7. Bb2 c6 8. c4 Na6
9. Nc3 Qc7 10. d5 e5 11. dxe6 Nc5 12. Nd4 Nxe6 13. e3 a5 14. Nxe6 Bxe6 15. Qc2
Rad8 16. Rad1 Nd7 17. Rd2 Ne5 18. Rfd1 Rfe8 19. Ne2 a4 20. Nd4 axb3 21. axb3
Bf7 22. h3 Qe7 23. Ba3 Qf6 24. Ne2 d5 25. cxd5 cxd5 26. Nf4 Qc6 27. Qc1 Qa6 28.
Nxd5 Bxd5 29. Bxd5+ Kh8 30. Bxb7 Qxb7 31. Rxd8 Nf3+ 32. Kf1 Nh2+ 33. Kg1 Nf3+
34. Kh1 Nd4+ 35. Kh2 1/2-1/2

[Event "Kandidatklassen"]
[Site "Svendborg"]
[Date "2016.03.28"]
[Round "7"]
[White "Schou Moldt, Thomas"]
[Black "Christensen, Christian Sylvester"]
[Result "1-0"]
[WhiteElo "2186"]
[BlackElo "2109"]
[PlyCount "61"]
[EventDate "2016.03.22"]
[EventType "swiss"]
[EventRounds "7"]
[EventCountry "DEN"]

1. e4 c5 2. Nf3 e6 3. d4 cxd4 4. Nxd4 a6 5. Bd3 Qc7 6. O-O Nf6 7. Qe2 d6 8. c4
g6 9. Nc3 Bg7 10. Nb3 O-O 11. Bg5 Nbd7 12. Rad1 b6 13. Rc1 Ne5 14. f3 Bb7 15.
Nd2 Rac8 16. b3 Nxd3 17. Qxd3 Qb8 18. Bf4 Rfd8 19. Rfd1 Bf8 20. Kh1 Nd7 21. Nf1
Ne5 22. Qe2 Ba8 23. Bg5 Re8 24. Ne3 Bg7 25. f4 Nc6 26. Ng4 f5 27. Nf6+ Kh8 28.
exf5 gxf5 29. Qh5 h6 30. Qg6 Bxf6 31. Bxf6# 1-0

[Event "Kandidatklassen"]
[Site "Svendborg"]
[Date "2016.03.28"]
[Round "7"]
[White "Jepsen, Thomas Stausholm"]
[Black "Rostgaard, Tobias Valentin"]
[Result "1/2-1/2"]
[WhiteElo "2085"]
[BlackElo "2222"]
[PlyCount "86"]
[EventDate "2016.03.22"]
[EventType "swiss"]
[EventRounds "7"]
[EventCountry "DEN"]

1. Nf3 Nf6 2. g3 d5 3. Bg2 c6 4. O-O Bf5 5. d3 e6 6. Nbd2 Be7 7. Qe1 h6 8. e4
Bh7 9. e5 Nfd7 10. a3 O-O 11. h4 c5 12. Qe2 Nc6 13. Re1 b5 14. Nf1 c4 15. d4 b4
16. Bf4 Qb6 17. c3 bxc3 18. bxc3 Rfb8 19. Qe3 Qb2 20. g4 Rb3 21. Rac1 Qxa3 22.
Ng3 Bb4 23. Bxh6 gxh6 24. Ra1 Rxc3 25. Qxh6 Rxf3 26. Rxa3 Rxa3 27. Nh5 Bf8 28.
Qg5+ Kh8 29. Nf6 Nxf6 30. exf6 Nxd4 31. Qh5 c3 32. Qxf7 c2 33. g5 Ne2+ 34. Kh1
Nf4 35. h5 Rc8 36. g6 Nxg6 37. hxg6 Bxg6 38. Qxg6 c1=Q 39. Rxc1 Rxc1+ 40. Bf1
Rxf1+ 41. Kg2 Raa1 42. Qh5+ Kg8 43. Qg6+ Kh8 1/2-1/2

[Event "Kandidatklassen"]
[Site "Svendborg"]
[Date "2016.03.28"]
[Round "7"]
[White "Bekker Jensen, David"]
[Black "Dyrgaard, Kristoffer"]
[Result "1/2-1/2"]
[WhiteElo "2230"]
[BlackElo "2308"]
[PlyCount "104"]
[EventDate "2016.03.22"]
[EventType "swiss"]
[EventRounds "7"]
[EventCountry "DEN"]

1. d4 Nf6 2. c4 g6 3. g3 Bg7 4. Bg2 d5 5. cxd5 Nxd5 6. e4 Nb6 7. Ne2 c5 8. d5
O-O 9. O-O Na6 10. Nec3 e6 11. a4 exd5 12. exd5 Bf5 13. Na3 Nb4 14. Be3 Rc8 15.
a5 Nd7 16. Qd2 Ne5 17. Ne4 b6 18. Bg5 f6 19. Bf4 Nxd5 20. Qxd5+ Qxd5 21. Nxf6+
Bxf6 22. Bxd5+ Kg7 23. axb6 axb6 24. Bxe5 Bxe5 25. Nc4 Bd4 26. Ra7+ Kh6 27. Nd6
Bd3 28. Rd1 Be2 29. Rd2 Bxf2+ 30. Kg2 Bf1+ 31. Kh1 Be3 32. Rd1 Rcd8 33. Nf7+
Rxf7 34. Rxf7 Bc4 35. Bxc4 Rxd1+ 36. Rf1 Rd2 37. Re1 Bd4 38. b3 Rb2 39. Re7 Rf2
40. Re6 Rf6 41. Rxf6 Bxf6 42. h4 g5 43. hxg5+ Kxg5 44. Kg2 h6 45. Kf3 Kf5 46.
g4+ Ke5 47. Ke3 Bg5+ 48. Kd3 Kf4 49. Be6 b5 50. Bd7 Kf3 51. Be6 Bf6 52. Bd7 Kf4
1/2-1/2

[Event "Kandidatklassen"]
[Site "Svendborg"]
[Date "2016.03.28"]
[Round "7"]
[White "Thybo, Jesper Sondergaard"]
[Black "Jaksland, Tim"]
[Result "1-0"]
[WhiteElo "2316"]
[BlackElo "2261"]
[PlyCount "125"]
[EventDate "2016.03.22"]
[EventType "swiss"]
[EventRounds "7"]
[EventCountry "DEN"]

1. d4 Nf6 2. c4 g6 3. Nc3 Bg7 4. Nf3 O-O 5. g3 d6 6. Bg2 Nc6 7. O-O Bf5 8. d5
Na5 9. Nd2 c6 10. e4 Bg4 11. Qc2 cxd5 12. cxd5 Rc8 13. Re1 Qd7 14. Qd3 Bh3 15.
Rb1 Bxg2 16. Kxg2 Ng4 17. f4 Qc7 18. Qe2 Nf6 19. Nf3 a6 20. e5 Ng4 21. h3 Nh6
22. Ne4 dxe5 23. fxe5 Qc4 24. Qxc4 Nxc4 25. Bg5 f6 26. exf6 exf6 27. Bf4 g5 28.
Bc1 Rfd8 29. Nc3 Rd7 30. h4 gxh4 31. Nxh4 Na3 32. bxa3 Rxc3 33. Kh3 Rd3 34.
Re8+ Kf7 35. Rb8 b5 36. Bxh6 Bxh6 37. Rf1 R3xd5 38. Rb6 Bg5 39. Nf3 Kg7 40.
Rxa6 R7d6 41. Ra5 Kg6 42. Rb1 Rc6 43. a4 Rd3 44. Nxg5 fxg5 45. axb5 Rcc3 46.
Ra6+ Kh5 47. Rg1 Rc2 48. Rg2 Rc1 49. Kh2 Kg4 50. Rb2 Rcd1 51. Ra4+ Kf3 52. Rab4
R3d2+ 53. Rxd2 Rxd2+ 54. Kh3 Rxa2 55. b6 Ra8 56. b7 Rb8 57. Rb3+ Ke4 58. Kg4 h6
59. Kh5 Kf5 60. Rb6 Ke4 61. Kxh6 g4 62. Kg5 Rg8+ 63. Kh4 1-0

[Event "Kandidatklassen"]
[Site "Svendborg"]
[Date "2016.03.28"]
[Round "7"]
[White "Matthiesen, Martin"]
[Black "Hansen, Mads"]
[Result "0-1"]
[WhiteElo "2396"]
[BlackElo "2297"]
[PlyCount "66"]
[EventDate "2016.03.22"]
[EventType "swiss"]
[EventRounds "7"]
[EventCountry "DEN"]

1. d4 d5 2. c4 c6 3. Nf3 Nf6 4. Nc3 e6 5. e3 Nbd7 6. Qc2 Bd6 7. Be2 O-O 8. b3
b6 9. O-O Bb7 10. Bb2 Qe7 11. Rfd1 Rad8 12. Rac1 c5 13. cxd5 exd5 14. Qf5 a6
15. Qh3 Qe6 16. Qxe6 fxe6 17. Ng5 Rfe8 18. Na4 h6 19. Nf3 c4 20. bxc4 dxc4 21.
Nc3 b5 22. a3 Nb6 23. Ne5 Ne4 24. Ra1 Rc8 25. Nxe4 Bxe4 26. Bf3 Bxf3 27. Nxf3
c3 28. Bc1 Nc4 29. Rd3 Nb2 30. Bxb2 cxb2 31. Rf1 Rc1 32. Nd2 Rec8 33. Rb3 R8c2
0-1

[Event "Kandidatklassen"]
[Site "Svendborg"]
[Date "2016.03.28"]
[Round "7"]
[White "Thogersen, Rasmus"]
[Black "Jorgensen, Brian"]
[Result "1-0"]
[WhiteElo "2109"]
[BlackElo "2288"]
[PlyCount "115"]
[EventDate "2016.03.22"]
[EventType "swiss"]
[EventRounds "7"]
[EventCountry "DEN"]

1. e4 c5 2. Nf3 Nc6 3. d4 cxd4 4. Nxd4 e5 5. Nb5 d6 6. c4 Be7 7. N1c3 Nf6 8.
Bg5 a6 9. Bxf6 gxf6 10. Na3 f5 11. Bd3 fxe4 12. Bxe4 O-O 13. g4 Kh8 14. Nc2 f5
15. gxf5 Bxf5 16. Qd3 Bxe4 17. Nxe4 Qa5+ 18. Nc3 Nb4 19. Nxb4 Qxb4 20. O-O Bh4
21. Rad1 Qb6 22. Rd2 Rg8+ 23. Kh1 Qc6+ 24. Qe4 Rac8 25. b3 b5 26. Nd5 Bg5 27.
Rc2 bxc4 28. Rxc4 Qb5 29. f4 Rcf8 30. a4 Qe8 31. Rc7 Qh5 32. f5 Qh3 33. Rg1 Bf4
34. Rg2 Rxg2 35. Qxg2 Qxg2+ 36. Kxg2 Rxf5 37. Nxf4 Rxf4 38. Rc6 Rd4 39. Rxa6
Kg7 40. Rb6 Kf6 41. a5 Rd2+ 42. Kg3 Kf5 43. Rb4 Ra2 44. Ra4 Rb2 45. b4 Rb3+ 46.
Kf2 e4 47. a6 Rb2+ 48. Ke1 Rb1+ 49. Ke2 Rb2+ 50. Kd1 Rb1+ 51. Kc2 e3 52. Kd3
Kf4 53. b5+ Kf3 54. a7 Rd1+ 55. Kc2 e2 56. a8=Q+ d5 57. Qf8+ Ke3 58. Qf4# 1-0

[Event "Kandidatklassen"]
[Site "Svendborg"]
[Date "2016.03.28"]
[Round "7"]
[White "Kristensen, Bjarke Hautop"]
[Black "Moller, Sophus Mechlenburg"]
[Result "1/2-1/2"]
[WhiteElo "2150"]
[BlackElo "2102"]
[PlyCount "107"]
[EventDate "2016.03.22"]
[EventType "swiss"]
[EventRounds "7"]
[EventCountry "DEN"]

1. c4 g6 2. Nc3 c5 3. g3 Bg7 4. Bg2 Nc6 5. Nf3 e6 6. d3 Nge7 7. Bg5 h6 8. Bd2
b6 9. a3 O-O 10. Rb1 a5 11. Qc1 Kh7 12. b4 axb4 13. axb4 cxb4 14. Nb5 Ba6 15.
O-O d5 16. cxd5 Bxb5 17. dxc6 Nxc6 18. Bxb4 Nxb4 19. Rxb4 Bd7 20. Qe3 b5 21.
Rfb1 Ra4 22. R4b3 Qf6 23. d4 Rc8 24. Qd2 Be8 25. e3 Rac4 26. Ne1 Bf8 27. R3b2
Qe7 28. Nd3 Qc7 29. Bf1 Rc2 30. Rxc2 Qxc2 31. Qxc2 Rxc2 32. Ne1 Rc8 33. Bxb5
Rb8 34. Bd3 Rd8 35. Nf3 Bg7 36. Bb5 Rb8 37. Bd3 Rd8 38. Be2 Kg8 39. Rc1 Ba4 40.
Ba6 Bd7 41. Rc7 Kf8 42. Nd2 Ba4 43. Nc4 Kg8 44. Nb6 Bb3 45. Rc8 Rxc8 46. Nxc8
Kf8 47. Bb7 Ke8 48. Nd6+ Ke7 49. Nb5 e5 50. d5 e4 51. d6+ Kd7 52. Bxe4 Ba4 53.
Nc7 Kxd6 54. Na6 1/2-1/2

[Event "Kandidatklassen"]
[Site "Svendborg"]
[Date "2016.03.28"]
[Round "7"]
[White "Thuesen, Mogens Henrik"]
[Black "Laursen, Niels Norskov"]
[Result "0-1"]
[WhiteElo "2207"]
[BlackElo "2289"]
[PlyCount "56"]
[EventDate "2016.03.22"]
[EventType "swiss"]
[EventRounds "7"]
[EventCountry "DEN"]

1. e4 c5 2. Nf3 e6 3. b4 b6 4. bxc5 bxc5 5. Nc3 Nc6 6. Bb5 Nd4 7. O-O Rb8 8.
Ba4 Ne7 9. Nxd4 cxd4 10. Ne2 Qa5 11. c3 d3 12. Nd4 e5 13. Nf3 Ng6 14. Bb3 Be7
15. Rb1 Rb6 16. g3 O-O 17. Ne1 d5 18. Nxd3 dxe4 19. Nb2 Ba6 20. Re1 Bd3 21.
Nxd3 exd3 22. Qf3 Qa6 23. Re3 Bc5 24. Rxd3 Rf6 25. Qd5 Bxf2+ 26. Kg2 Bb6 27.
Bc4 Qc8 28. Ba3 Rf2+ 0-1

[Event "Kandidatklassen"]
[Site "Svendborg"]
[Date "2016.03.28"]
[Round "7"]
[White "Jacobsen, Mikkel Manosri"]
[Black "Stentebjerg Hansen, Per"]
[Result "1/2-1/2"]
[WhiteElo "2181"]
[BlackElo "2291"]
[PlyCount "34"]
[EventDate "2016.03.22"]
[EventType "swiss"]
[EventRounds "7"]
[EventCountry "DEN"]

1. d4 d5 2. Bf4 Nf6 3. e3 c5 4. c3 Nc6 5. Nf3 Qb6 6. Qb3 c4 7. Qxb6 axb6 8. Na3
Bf5 9. Nh4 Be6 10. Nf3 h6 11. Nb5 Kd7 12. Nc7 Ra7 13. Nxe6 Kxe6 14. Nd2 b5 15.
Be2 Kd7 16. O-O e6 17. a3 Be7 1/2-1/2